Marriages in trouble : the process of seeking help /

Saved in:
Bibliographic Details
Main Author: Brannen, Julia
Other Authors: Collard, Jean
Format: Book
Language:English
Published: London ; New York : Tavistock Publications, 1982.
Subjects:
LEADER 01141nam a2200301 a 4500
001 c000150508
003 CARM
005 00000000000000.0
008 820709s1982 enk b 00110 eng
019 1 |a 2269855  |z 24058234  |z 23098851  |z 12409929  |5 LACONCORD2021 
020 |a 0422781002 
035 |a (OCoLC)8628819  |5 LACONCORD2021 
043 |a e-uk-en 
050 0 0 |a HQ616  |b .B7 1982 
082 0 0 |a 362.8/286  |2 19 
100 1 |a Brannen, Julia. 
245 1 0 |a Marriages in trouble :  |b the process of seeking help /  |c Julia Brannen and Jean Collard. 
260 |a London ;  |a New York :  |b Tavistock Publications,  |c 1982. 
300 |a xvi, 266 p. ;  |c 23 cm. 
500 |a Includes indexes. 
504 |a Bibliography: p. 244-253. 
650 0 |a Married people  |z England  |z London. 
650 0 |a Marriage counseling  |z England  |z London. 
650 0 |a Help-seeking behavior  |z England  |z London. 
700 1 |a Collard, Jean. 
852 8 |b CARM  |h A2:AI25E0  |i C04310  |p 0177399  |f BK 
999 f f |i 40173cc4-c025-5e7f-932e-b7af057fcc9c  |s a513d14a-c084-55a0-a823-f406d2cdbf98 
952 f f |p Can circulate  |a CAVAL  |b CAVAL  |c CAVAL  |d CARM 1 Store  |e C04310  |f A2:AI25E0  |h Other scheme  |i book  |m 0177399